LEADER 01604nam a2200277 i 4500 001 000000171377 003 CaOOAMICUS 005 20080428000000.0 008 080428s1966 it u000 u ita u 013 $a148808 040 $aSeMil$bita 100 1 $aMaistre, Xavier : de,$d<1763-1852>.$0(OLS)http://semarc/name/10794 240 10$aVoyage autour de ma chambre : Expédition nocturne autour de ma chambre. Les prisonniers du Caucase. La jeune Sibérienne. Le lépreux de la cité d'Aoste.$0(OLS)http://semarc/title/245151 245 10$aRacconti :$bViaggio intorno alla mia camera. Spedizione notturna intorno alla mia camera. I prigionieri del Caucaso. La giovane siberiana. Il lebbroso della città di Aosta /$cXavier De Maistre ; A cura di Alessandro Bruni e Velia Donadei Giacosa. 250 $aNuova edizione. 260 $aTorino :$bUnione Tipografico-Editrice Torinese,$cstampa 1966. 300 $a282 p., [1] p. di ritratto ;$c19 cm. 500 $aFondo Ciprandi. 700 1 $aDonadei Giacosa, Velia.$0(OLS)http://semarc/name/64087 700 1 $aBruni, Alessandro.$0(OLS)http://semarc/name/64086 850 $aSeMil 852 $aSeMil$W1$xVenegono$y1$m1W II 93$j122246$B122246$CSeMilBibl$Z2$F133570 $81 941 1 $a1 961 $aOmaggio: Ciprandi dott. Paolo 996 $6245$aRacconti :$bViaggio intorno alla mia camera. Spedizione notturna intorno alla mia camera. I prigionieri del Caucaso. La giovane siberiana. Il lebbroso della città di Aosta$9(OLS)http://semarc/title/245150 996 $6260$aTorino :$bUnione Tipografico-Editrice Torinese$9(OLS)http://semarc/publisher/29628 LEADER 00730nam a2200205 i 4500 001 000000115639 003 CaOOAMICUS 005 20100419000000.0 008 100419s1921 it u000 u ita u 013 $a88328 040 $aSeMil$bita 245 10$aPrimo mezzocentinaio. 250 $a3. ed. 260 $aBari :$bLaterza & Figli,$c1921. 300 $aXVI, 511 p. ;$c24 cm. 773 0 $tDiscorsi di Gotamo Buddho del Majjhimanikayo.$dBari : Laterza & Figli, 1907.$g1$w()20829 850 $aSeMil 852 $aSeMil$W1$xVenegono$y1$m2X IV 86$j71151$B71151$CSeMilBibl$Z2$F75619 $81 996 $6245$aPrimo mezzocentinaio$9(OLS)http://semarc/title/169414 996 $6260$aBari :$bLaterza & Figli$9(OLS)http://semarc/publisher/29663